| 000 | 01092nam a2200241Ia 4500 | ||
|---|---|---|---|
| 003 | Ost | ||
| 005 | 20260507075736.0 | ||
| 008 | 260507s9999||||xx |||||||||||||| ||und|| | ||
| 040 | _cfsecg | ||
| 041 | _aara | ||
| 082 | _a338.4791 | ||
| 100 |
_aماهر، أحمد _eمؤلف |
||
| 245 | 0 |
_aتنظيم وإدارة المنشآت السياحية والفندقية / _c أحمد ماهر |
|
| 250 | _aطبعة 2 | ||
| 260 |
_aالاسكندرية: _bالمكتب العربي الحديث, _c1999 |
||
| 300 |
_a503 صفحة؛ _c24 سم |
||
| 504 | _aببليوغرافيا: ص.497 | ||
| 520 | _aمقدمات أساسية،الوظائف والمهام الإدارية وبناء مهارات المديرين،إنشاء التوكيلات السياحية والقوانين المنظمة للمنشآت الفندقية والسياحية في مصر،دراسة حالة(شركة ٌR/H للسياحة) | ||
| 653 | _aالسياحة - اقتصاديات | ||
| 653 | _aالفنادق | ||
| 700 |
_aعبد السلام، أبو قحف _eمؤلف ثانوي |
||
| 942 | _cكتاب | ||
| 999 |
_c46087 _d46087 |
||